Catálogo
 En Linea

Dec. no. 370-11 which establishes the regulation for the aplication of Law no. 108-10, for the promotion of cinematic activity in the Domincan Republic. Law 108-10 for the development of the film activity in teh Dominican Republic. (Registro nro. 52571)

Detalles MARC
000 -CABECERA
campo de control de longitud fija 01350nam a2200301 a 4500
003 - IDENTIFICADOR DEL NÚMERO DE CONTROL
campo de control DO-SdBNP
005 - FECHA Y HORA DE LA ÚLTIMA TRANSACCIÓN
campo de control 20250623122139.0
007 - CAMPO FIJO DE DESCRIPCIÓN FÍSICA--INFORMACIÓN GENERAL
campo de control de longitud fija ta
008 - DATOS DE LONGITUD FIJA--INFORMACIÓN GENERAL
campo de control de longitud fija 221019n200? dr a|||grlg|| 001 0 eng d
040 ## - FUENTE DE LA CATALOGACIÓN
Centro catalogador/agencia de origen DO-SdBNP
Lengua de catalogación spa
Centro/agencia transcriptor BNPHU
Normas de descripción rda
041 ## - CÓDIGO DE LENGUA
Código de lengua original eng
082 #4 - NÚMERO DE LA CLASIFICACIÓN DECIMAL DEWEY
Número de clasificación xxx
Número de documento/Ítem R426L
Número de edición 22
240 ## - TÍTULO UNIFORME
Título uniforme Ley 108-10
Lenguaje de la obra eng
245 10 - MENCIÓN DE TÍTULO
Título Dec. no. 370-11 which establishes the regulation for the aplication of Law no. 108-10, for the promotion of cinematic activity in the Domincan Republic. Law 108-10 for the development of the film activity in teh Dominican Republic.
246 ## - FORMA VARIANTE DE TÍTULO
Título propio/Titulo breve Ley 108-10 for the evelopmen of the film activity in teh Dominican Republic.
264 #1 - PRODUCCIÓN, PUBLICACIÓN, DISTRIBUCIÓN, FABRICACIÓN Y COPYRIGHT
Producción, publicación, distribución, fabricación y copyright Santo Domingo :
Nombre del de productor, editor, distribuidor, fabricante DGCINE,
Fecha de producción, publicación, distribución, fabricación o copyright 200?
300 ## - DESCRIPCIÓN FÍSICA
Extensión 86 páginas :
Otras características físicas Ilustraciones ;
Dimensiones 21 cm.
336 ## - TIPO DE CONTENIDO
Término de tipo de contenido texto
Código de tipo de contenido txt
Fuente rdacontent
337 ## - TIPO DE MEDIO
Nombre/término del tipo de medio sin mediación
Código del tipo de medio n
Fuente rdamedia
338 ## - TIPO DE SOPORTE
Nombre/término del tipo de soporte volumen
Código del tipo de soporte nc
Fuente rdacarrier
556 ## - NOTA DE INFORMACIÓN SOBRE LA DOCUMENTACIÓN
Nota de información sobre la documentación Dos obras encuadernadas junta.
590 ## - NOTA LOCAL (RLIN)
Nota local Inventariado 2022 / MF
630 #4 - PUNTO DE ACCESO ADICIONAL DE MATERIA--TÍTULO UNIFORME
Título uniforme Ley 108-10 for the evelopmen of the film activity in teh Dominican Republic.
Lenguaje de la obra eng
Subdivisión general Dec. No. 370-11
Subdivisión geográfica República Dominicana
9 (RLIN) 82541
650 #4 - PUNTO DE ACCESO ADICIONAL DE MATERIA--TÉRMINO DE MATERIA
9 (RLIN) 81254
Término de materia o nombre geográfico como elemento de entrada Cinematografía
Subdivisión geográfica República Dominicana
651 #4 - PUNTO DE ACCESO ADICIONAL DE MATERIA--NOMBRE GEOGRÁFICO
Nombre geográfico República Dominicana
Subdivisión general Dec. No. 370-11
9 (RLIN) 82542
710 1# - PUNTO DE ACCESO ADICIONAL--NOMBRE DE ENTIDAD CORPORATIVA
Nombre de entidad corporativa o nombre de jurisdicción como elemento de entrada República Dominicana.
Unidad subordinada Ministerio de Cultura,
-- Dirección General de Cine.
9 (RLIN) 80672
942 ## - ELEMENTOS DE PUNTO DE ACCESO ADICIONAL (KOHA)
Fuente del sistema de clasificación o colocación Dewey Decimal Classification
Tipo de ítem Koha Libro
Existencias
Estado de retiro Estado de pérdida Fuente del sistema de clasificación o colocación Restricciones de uso No para préstamo Código de colección Localización permanente Ubicación/localización actual Ubicación en estantería Fecha de adquisición Fuente de adquisición Total de préstamos Signatura topográfica completa Código de barras Fecha visto por última vez Precio válido a partir de Tipo de ítem Koha
    Dewey Decimal Classification Excluido de préstamo   Patrimonio Dominicano Biblioteca Nacional Pedro Henríquez Ureña Biblioteca Nacional Pedro Henríquez Ureña En catalogación 19.02.2018 Depósito Legal   BNPHU PD R426L 2022-4393 19.10.2022 19.10.2022 Libro

Con tecnología Koha